Barka - Uzupełnij tekst - Statystyki

Ogólne statystyki
  • Ten quiz został rozwiązany 540 razy
  • Średni wynik to 9 z 13
Statystyki odpowiedzi
tekst brakujące słowo % Poprawnych
O Panie, to Ty na mnie ....... spojrzałeś
99%
Twoje ...... dziś wyrzekły me imię. usta
98%
Pan kiedyś stanął nad ........Szukał ludzi gotowych pójść za Nim; brzegiem
96%
Razem z .... nowy zacznę dziś łów. tobą
96%
........ barkę pozostawiam na brzegu Swoją
94%
By łowić .......Słów Bożych prawdą serca
84%
Jestem ...... człowiekiem, ubogim
78%
I ..... serce czyste
64%
Moim .... są ręce gotowe Do pracy z Tobą skarbem
59%
...... , potrzebujesz mych dłoni, ty
47%
Mych ..... potu kropli
46%
Mego serca młodego ..... zapałem
28%
I ......... samotności
24%
Nie znaleziono quizów pasujących do podanych kryteriów
Rozkład punktacji
Procent ludzi z każdym wynikiem
Percentyl według liczby udzielonych odpowiedzi
Twoja historia wyników
Nie rozwiązałeś tego quizu